000 00533nam a22002057a 4500
005 20220907130938.0
008 220907b ||||| |||| 00| 0 eng d
020 _a9788120288652
040 _aIN-DiNC
_cIN-DiNC
041 _dasm
082 _a791.43
_bMEN
100 _aMena, Utpal
_eauthor
245 _aAsamiya Cinema/
_cby Utpal Mena
250 _a1st ed.
260 _aGuwahati:
_bJagaran sahitya prakashan,
_c2017
300 _a389p.
650 _aAssamese motion picture
650 _aAssamese cinema
942 _2ddc
_cBK
999 _c11365
_d11365